000 00406nam a2200181Ia 4500
008 170918s9999 xx 000 0 und d
020 _a9780385537865
050 _bB877in 2013
100 _aBrown, Dan
245 _aInferno /
245 _cby Dan Brown.
260 _aUSA :
260 _bAnchor Books,
260 _c2013
300 _a611 pages :
300 _billustrations ;
300 _c17cm.
999 _c343507
_d343507